[Event "Titled Tuesday 2021.08.03"]
[Site "chess.com INT"]
[Date "2021.08.03"]
[Round "2"]
[White "Noritsyn, Nikolay"]
[Black "Ouellet, Maili-Jade"]
[Result "1-0"]
[WhiteElo "2512"]
[BlackElo "2257"]
[PlyCount "87"]
[EventDate "2021.08.03"]
[EventType "swiss (blitz)"]
[EventRounds "11"]
[EventCountry "NET"]
[Source "Mark Crowther"]
[SourceDate "2021.08.10"]

1. d4 d5 2. c4 e6 3. Nc3 Nf6 4. Nf3 Be7 5. Bg5 O-O 6. e3 Nbd7 7. Rc1 h6 8. Bh4
b6 9. Be2 Bb7 10. O-O c5 11. Qb3 Rc8 12. Rfd1 cxd4 13. exd4 dxc4 14. Bxc4 Bxf3
15. gxf3 Qc7 16. Ba6 Ra8 17. Bg3 Qd8 18. Qb5 Nd5 19. Nxd5 exd5 20. Bb7 a6 21.
Qxd5 Nf6 22. Qxd8 Raxd8 23. Bxa6 Nd5 24. Bc4 Bf6 25. a3 Rd7 26. Bb5 Rdd8 27.
Bc6 Bg5 28. Rc4 f5 29. Be5 Rf7 30. Bxd5 Rxd5 31. f4 Bd8 32. Kg2 Kh7 33. Kf3 b5
34. Rc5 Rfd7 35. Rxd5 Rxd5 36. Rc1 Bb6 37. Ke3 g5 38. Rc6 Bd8 39. Rc5 Rxc5 40.
dxc5 Kg8 41. Kd4 Kf7 42. Kd5 Ba5 43. b4 Bd8 44. c6 1-0

[Event "Titled Tuesday 2021.07.06"]
[Site "chess.com INT"]
[Date "2021.07.06"]
[Round "4"]
[White "Petukhov, D."]
[Black "Noritsyn, Nikolay"]
[Result "0-1"]
[WhiteElo "2350"]
[BlackElo "2512"]
[PlyCount "56"]
[EventDate "2021.07.06"]
[EventType "swiss (blitz)"]
[EventRounds "11"]
[EventCountry "NET"]
[Source "Mark Crowther"]
[SourceDate "2021.07.12"]

1. e4 c5 2. c3 Nf6 3. e5 Nd5 4. d4 cxd4 5. Nf3 Nc6 6. Bc4 Nb6 7. Bb3 g6 8. cxd4
Bg7 9. O-O O-O 10. Bf4 d6 11. exd6 Bg4 12. h3 Bxf3 13. Qxf3 Nxd4 14. Qxb7 exd6
15. Nc3 a5 16. Rfd1 a4 17. Bd5 Rb8 18. Qa6 Nxd5 19. Nxd5 Rxb2 20. Bxd6 Re8 21.
Re1 Rbe2 22. Rxe2 Nxe2+ 23. Kh1 Bxa1 24. Nc7 Bg7 25. Qxa4 Rf8 26. Bxf8 Bxf8 27.
Nb5 Qd2 28. Kh2 Qe1 0-1

[Event "Titled Tuesday 2021.01.12"]
[Site "chess.com INT"]
[Date "2021.01.12"]
[Round "1"]
[White "Spitzl, Vinzent"]
[Black "Noritsyn, Nikolay"]
[Result "1-0"]
[WhiteElo "2346"]
[BlackElo "2512"]
[PlyCount "89"]
[EventDate "2021.01.12"]
[EventType "swiss (blitz)"]
[EventRounds "11"]
[EventCountry "NET"]
[Source "Mark Crowther"]
[SourceDate "2021.01.18"]

1. e4 c5 2. Nf3 d6 3. d4 cxd4 4. Nxd4 Nf6 5. Nc3 a6 6. Bg5 Nfd7 7. Qd2 Nc6 8.
O-O-O h6 9. Be3 e6 10. f3 Be7 11. Bc4 Qc7 12. Bxe6 fxe6 13. Nxe6 Qa5 14. Nxg7+
Kf7 15. Nf5 Nf6 16. Bxh6 Bxf5 17. exf5 Qxf5 18. g4 Qa5 19. h4 Ne5 20. g5 Rxh6
21. gxh6 Rc8 22. Rhg1 Bf8 23. Qf4 Rc4 24. Ne4 Rxe4 25. fxe4 Qxa2 26. c3 Nc4 27.
Rg2 Qa1+ 28. Kc2 Qxb2+ 29. Kd3 Qxg2 30. Kxc4 Qe2+ 31. Rd3 d5+ 32. exd5 b5+ 33.
Kd4 Bc5+ 34. Kxc5 Qxd3 35. Qc7+ Kg6 36. Qg7+ Kf5 37. h7 Qxd5+ 38. Kb6 Qd6+ 39.
Kb7 Qd5+ 40. Kb6 Qe6+ 41. Kb7 Nxh7 42. Qxh7+ Kg4 43. h5 a5 44. Qg6+ Kf4 45.
Qxe6 1-0

[Event "Titled Tuesday 2021.01.12"]
[Site "chess.com INT"]
[Date "2021.01.12"]
[Round "2"]
[White "Noritsyn, Nikolay"]
[Black "Martin Carmona, Gaston Manuel"]
[Result "1-0"]
[WhiteElo "2512"]
[BlackElo "2285"]
[PlyCount "53"]
[EventDate "2021.01.12"]
[EventType "swiss (blitz)"]
[EventRounds "11"]
[EventCountry "NET"]
[Source "Mark Crowther"]
[SourceDate "2021.01.18"]

1. e4 c5 2. Nf3 d6 3. d4 cxd4 4. Nxd4 Nf6 5. Nc3 a6 6. Nb3 g6 7. Be2 Bg7 8. g4
Nc6 9. g5 Nd7 10. h4 b5 11. h5 O-O 12. hxg6 hxg6 13. f4 Bb7 14. Qd3 Nb4 15. Qh3
Re8 16. Bd3 Nc5 17. Nxc5 dxc5 18. Bd2 Nxd3+ 19. cxd3 c4 20. dxc4 bxc4 21. O-O-O
Qd3 22. Be3 Bxe4 23. Rxd3 Bxd3 24. Nd5 Rab8 25. Nf6+ Kf8 26. Qh7 exf6 27. Bc5+
1-0

[Event "Titled Tuesday 2021.01.12"]
[Site "chess.com INT"]
[Date "2021.01.12"]
[Round "3"]
[White "Panda, Vedic"]
[Black "Noritsyn, Nikolay"]
[Result "0-1"]
[WhiteElo "2069"]
[BlackElo "2512"]
[PlyCount "84"]
[EventDate "2021.01.12"]
[EventType "swiss (blitz)"]
[EventRounds "11"]
[EventCountry "NET"]
[Source "Mark Crowther"]
[SourceDate "2021.01.18"]

1. e4 c5 2. Nf3 d6 3. d4 cxd4 4. Nxd4 Nf6 5. Nc3 a6 6. h3 e6 7. g4 b5 8. Bg2
Bb7 9. a3 Be7 10. Qe2 Nc6 11. Be3 Ne5 12. Rd1 Rc8 13. O-O Nc4 14. Bc1 Nd7 15.
f4 Nxa3 16. Nd5 exd5 17. exd5 Nxc2 18. Nxc2 O-O 19. Nd4 Re8 20. Qf3 Bf6 21. Nf5
Nb6 22. g5 Be7 23. Be3 Bf8 24. Qf2 Nc4 25. Bd4 Qd7 26. Ng3 g6 27. Ne4 Rxe4 28.
Bxe4 Qxh3 29. Rd3 Qd7 30. Qg2 Re8 31. f5 Ne5 32. Rh3 Bg7 33. f6 Bf8 34. Rh4 h5
35. gxh6 Kh8 36. Bxe5 Rxe5 37. h7 Qe8 38. Rg4 Bh6 39. Qh1 Be3+ 40. Kg2 Rxe4 41.
Re1 Rxg4+ 42. Kf3 Rf4+ 0-1

[Event "Titled Tuesday 2021.01.12"]
[Site "chess.com INT"]
[Date "2021.01.12"]
[Round "4"]
[White "Noritsyn, Nikolay"]
[Black "Navalgund, N."]
[Result "0-1"]
[WhiteElo "2512"]
[BlackElo "2289"]
[PlyCount "196"]
[EventDate "2021.01.12"]
[EventType "swiss (blitz)"]
[EventRounds "11"]
[EventCountry "NET"]
[Source "Mark Crowther"]
[SourceDate "2021.01.18"]

1. e4 e5 2. Nf3 Nc6 3. Bb5 a6 4. Ba4 Nf6 5. d3 d6 6. O-O g6 7. c3 Bg7 8. Nbd2
O-O 9. Re1 Nd7 10. Nf1 Nc5 11. Bc2 Ne6 12. Ne3 f5 13. exf5 gxf5 14. d4 e4 15.
d5 exf3 16. dxe6 Bxe6 17. Qxf3 Ne5 18. Qh3 Qf6 19. f4 Ng6 20. g3 Kh8 21. Bd2
Rae8 22. Re2 Bc4 23. Rf2 Be6 24. Re1 Bd7 25. Rfe2 c6 26. Qh5 d5 27. b4 Re7 28.
Bd3 Bc8 29. Nc2 Rxe2 30. Rxe2 Qd6 31. Nd4 Qf6 32. Nf3 h6 33. Nd4 Bd7 34. a4 Kg8
35. a5 Kh8 36. Kg2 Qf7 37. Nb3 Nxf4+ 38. Bxf4 Qxh5 39. Nc5 Re8 40. Rf2 Qd1 41.
Rf1 Re1 42. Rxe1 Qxe1 43. Nxd7 Qxc3 44. Bxf5 d4 45. Nc5 d3 46. Nxd3 Qc2+ 47.
Kh3 Qe2 48. g4 Qf3+ 49. Bg3 Bf6 50. Nf4 Qf1+ 51. Ng2 Kg7 52. Bf4 Qf3+ 53. Bg3
Be5 54. Nh4 Qf1+ 55. Ng2 Kf6 56. Bc8 Qf3 57. Bxb7 Bxg3 58. hxg3 Kg5 59. Bxa6
Qd1 60. Kh2 Qc2 61. Bc8 Qa2 62. a6 Qa4 63. Bb7 h5 64. gxh5 Kxh5 65. Kh3 Qa1 66.
Kh2 Kg5 67. Nf4 Qb2+ 68. Ng2 Qxb4 69. Bxc6 Qa5 70. Bb7 Qa4 71. Nf4 Qa2+ 72. Ng2
Kg4 73. Bc8+ Kg5 74. Bb7 Qa5 75. Bc8 Kf6 76. Bb7 Qh5+ 77. Nh4 Qa5 78. Kh3 Kg5
79. Nf3+ Kh5 80. Kg2 Kg4 81. Nh2+ Kg5 82. Nf3+ Kh5 83. Nh2 Qa2+ 84. Kh3 Kg5 85.
Nf3+ Kg6 86. Nh2 Qe6+ 87. Kg2 Qa2+ 88. Kh3 Kg5 89. Nf3+ Kh5 90. Nh2 Qe6+ 91.
Kg2 Qe2+ 92. Kh3 Qf2 93. Nf3 Qf1+ 94. Kh2 Qe2+ 95. Kh3 Qe6+ 96. Kh2 Kg4 97. Ng1
Qa2+ 98. Kh1 Kxg3 0-1

[Event "Titled Tuesday 2020.12.22"]
[Site "chess.com INT"]
[Date "2020.12.22"]
[Round "2"]
[White "D'Costa, L."]
[Black "Noritsyn, Nikolay"]
[Result "0-1"]
[WhiteElo "2381"]
[BlackElo "2512"]
[PlyCount "66"]
[EventDate "2020.12.22"]
[EventType "swiss (blitz)"]
[EventRounds "11"]
[EventCountry "NET"]
[Source "Mark Crowther"]
[SourceDate "2020.12.28"]

1. Nf3 d5 2. c4 e6 3. g3 c6 4. Bg2 Nf6 5. b3 a5 6. O-O a4 7. Bb2 a3 8. Bc1 b5
9. d3 Nbd7 10. Qc2 Be7 11. Nc3 Ba6 12. Bf4 O-O 13. cxb5 cxb5 14. Rac1 Qa5 15.
Qb1 Rfc8 16. Qa1 b4 17. Nb1 h6 18. Ne5 Bb5 19. Nd2 Bf8 20. Nxd7 Nxd7 21. Nf3
Ba6 22. Rxc8 Rxc8 23. Rc1 Qd8 24. Bd2 g5 25. Qb1 Rc7 26. Rxc7 Qxc7 27. Ne1 Ne5
28. Qc2 Nc6 29. Qc1 Qb6 30. Be3 Nd4 31. Kf1 Bc5 32. Nf3 Nxb3 33. Bxc5 Qxc5 0-1

[Event "Titled Tuesday 2020.12.22"]
[Site "chess.com INT"]
[Date "2020.12.22"]
[Round "3"]
[White "Noritsyn, Nikolay"]
[Black "Sadhwani, Raunak"]
[Result "1-0"]
[WhiteElo "2512"]
[BlackElo "2545"]
[PlyCount "79"]
[EventDate "2020.12.22"]
[EventType "swiss (blitz)"]
[EventRounds "11"]
[EventCountry "NET"]
[Source "Mark Crowther"]
[SourceDate "2020.12.28"]

1. e4 g6 2. d4 Bg7 3. Nc3 d6 4. Nge2 a6 5. h3 b5 6. g4 Bb7 7. Bg2 b4 8. Nd5 a5
9. a3 e6 10. Ne3 Ne7 11. O-O O-O 12. Ng3 Nbc6 13. d5 exd5 14. exd5 Nd4 15. Re1
f5 16. gxf5 Nexf5 17. Nexf5 Nxf5 18. axb4 Nxg3 19. fxg3 axb4 20. Rxa8 Qxa8 21.
Re7 Bf6 22. Rxc7 Qb8 23. Rc4 Ba6 24. Rf4 Kg7 25. Kh2 Be5 26. Rxf8 Qxf8 27. Be3
Qf6 28. b3 h5 29. Qf3 Qe7 30. Bf4 Bf6 31. h4 Bc8 32. Qe4 Qc7 33. Qxb4 Qxc2 34.
Qxd6 Bf5 35. Qc7+ Qxc7 36. Bxc7 Kf7 37. b4 Ke8 38. b5 Kd7 39. b6 Kc8 40. d6 1-0

[Event "Titled Tuesday 2020.12.22"]
[Site "chess.com INT"]
[Date "2020.12.22"]
[Round "5"]
[White "Kholin, Aleksandr"]
[Black "Noritsyn, Nikolay"]
[Result "0-1"]
[WhiteElo "2405"]
[BlackElo "2512"]
[PlyCount "138"]
[EventDate "2020.12.22"]
[EventType "swiss (blitz)"]
[EventRounds "11"]
[EventCountry "NET"]
[Source "Mark Crowther"]
[SourceDate "2020.12.28"]

1. d4 e6 2. Nf3 f5 3. Bf4 Nf6 4. e3 g6 5. c4 Bg7 6. h3 O-O 7. Nc3 d6 8. Be2 Nc6
9. Bh2 Qe7 10. O-O Nd8 11. Rc1 Nf7 12. b4 e5 13. dxe5 dxe5 14. Qb3 c6 15. c5
Kh8 16. Bc4 e4 17. Nd4 Ne5 18. Be6 Nh5 19. Bxc8 Rfxc8 20. Qe6 Re8 21. Qxe7 Rxe7
22. Bxe5 Bxe5 23. Rfd1 Nf6 24. b5 Rc8 25. bxc6 bxc6 26. Nce2 Kg8 27. Rb1 Kf7
28. Rb4 Nd7 29. Rc1 Bf6 30. Rb7 Ne5 31. Rcb1 Rcc7 32. Rxc7 Rxc7 33. Nf4 Be7 34.
Nfe6 Rd7 35. Rb4 Nd3 36. Ra4 Nxc5 37. Nxc5 Bxc5 38. Nxc6 Rd1+ 39. Kh2 Rd2 40.
Kg3 Bd6+ 41. f4 Bc5 42. Ne5+ Ke6 43. Ra6+ Kd5 44. Ra5 Re2 45. Nd7 Rxe3+ 46. Kh2
Rc3 47. Nxc5 Rxc5 48. Rxa7 e3 49. Kg3 Rc2 50. Kf3 e2 51. Kf2 e1=Q+ 52. Kxe1
Rxg2 53. Rxh7 Ke4 54. Rh4 Rxa2 55. Rh6 Ra6 56. h4 Kxf4 57. h5 Ra1+ 58. Kd2 g5
59. Rg6 Rh1 60. h6 g4 61. Kc3 Kf3 62. Kd4 f4 63. Ke5 g3 64. Rf6 Rh5+ 65. Rf5
Rxh6 66. Rxf4+ Ke3 67. Rg4 Kf2 68. Kf4 Rf6+ 69. Kg5 Rf3 0-1

[Event "Titled Tuesday 2020.12.22"]
[Site "chess.com INT"]
[Date "2020.12.22"]
[Round "6"]
[White "Noritsyn, Nikolay"]
[Black "Bok, Benjamin"]
[Result "0-1"]
[WhiteElo "2512"]
[BlackElo "2624"]
[PlyCount "48"]
[EventDate "2020.12.22"]
[EventType "swiss (blitz)"]
[EventRounds "11"]
[EventCountry "NET"]
[Source "Mark Crowther"]
[SourceDate "2020.12.28"]

1. e4 c5 2. Nf3 d6 3. d4 cxd4 4. Nxd4 Nf6 5. Nc3 a6 6. f4 e5 7. Nb3 Qc7 8. Be2
b5 9. O-O Bb7 10. fxe5 dxe5 11. Bg5 Nbd7 12. a3 Be7 13. Qe1 h6 14. Bh4 Rc8 15.
Bd3 O-O 16. Kh1 Rfe8 17. Rf3 Nh5 18. Ne2 Nf4 19. Bg3 Bg5 20. Na5 Nxe2 21. Bxe2
Bxe4 22. Rf1 Nf6 23. c4 Rcd8 24. cxb5 Bd2 0-1

[Event "Titled Tuesday 2020.11.17"]
[Site "chess.com INT"]
[Date "2020.11.17"]
[Round "1"]
[White "Noritsyn, Nikolay"]
[Black "Ozdemir, Serhan Berat"]
[Result "1-0"]
[WhiteElo "2512"]
[BlackElo "2191"]
[PlyCount "103"]
[EventDate "2020.11.17"]
[EventType "swiss (blitz)"]
[EventRounds "11"]
[EventCountry "NET"]
[Source "Mark Crowther"]
[SourceDate "2020.11.23"]

1. e4 c5 2. Nf3 e6 3. d4 cxd4 4. Nxd4 a6 5. Bd3 Bc5 6. Nb3 Ba7 7. Qg4 Nf6 8.
Qg3 Nc6 9. Nc3 d6 10. Bd2 b5 11. O-O-O Ne5 12. f4 Nxd3+ 13. cxd3 O-O 14. Ne2
Bb7 15. Kb1 Rc8 16. Bc3 Bb6 17. Ned4 Bc5 18. Nxc5 dxc5 19. Nf3 b4 20. Be5 c4
21. dxc4 Bxe4+ 22. Ka1 Qe7 23. Nd2 Bg6 24. h4 h5 25. Qg5 Rfe8 26. Rhe1 Ng4 27.
Nf3 Qxg5 28. hxg5 Rxc4 29. b3 Rc2 30. g3 Nxe5 31. Nxe5 Bf5 32. Rd7 Rg2 33. Rxf7
Rc8 34. Ra7 Rf8 35. a3 Rxg3 36. axb4 Rxb3 37. Rd1 Rxb4 38. Rdd7 Ra4+ 39. Kb2
Rb8+ 40. Kc3 Ra3+ 41. Kc4 Ra4+ 42. Kc5 Ra5+ 43. Kc6 Kf8 44. Rf7+ Ke8 45. Rae7+
Kd8 46. Rd7+ Ke8 47. Rfe7+ Kf8 48. Rf7+ Ke8 49. Rxg7 Rc8+ 50. Kd6 Rxe5 51. Kxe5
Rc5+ 52. Kf6 1-0

[Event "Titled Tuesday 2020.11.17"]
[Site "chess.com INT"]
[Date "2020.11.17"]
[Round "2"]
[White "Poliannikov, Danila"]
[Black "Noritsyn, Nikolay"]
[Result "0-1"]
[WhiteElo "2227"]
[BlackElo "2512"]
[PlyCount "42"]
[EventDate "2020.11.17"]
[EventType "swiss (blitz)"]
[EventRounds "11"]
[EventCountry "NET"]
[Source "Mark Crowther"]
[SourceDate "2020.11.23"]

1. e4 c5 2. Nf3 d6 3. d4 cxd4 4. Nxd4 Nf6 5. Nc3 a6 6. h3 e6 7. g4 h6 8. Bg2
Be7 9. a4 Nc6 10. O-O Bd7 11. Be3 g5 12. Nb3 Ne5 13. Qe2 Rc8 14. a5 Nc4 15. Bd4
e5 16. Ba7 h5 17. Ra4 Nxb2 18. Bb6 Nxa4 19. Bxd8 Nxc3 20. Qd3 Kxd8 21. f3 Bb5
0-1

[Event "Titled Tuesday 2020.11.17"]
[Site "chess.com INT"]
[Date "2020.11.17"]
[Round "3"]
[White "Navara, D."]
[Black "Noritsyn, Nikolay"]
[Result "1/2-1/2"]
[WhiteElo "2697"]
[BlackElo "2512"]
[PlyCount "130"]
[EventDate "2020.11.17"]
[EventType "swiss (blitz)"]
[EventRounds "11"]
[EventCountry "NET"]
[Source "Mark Crowther"]
[SourceDate "2020.11.23"]

1. e4 e5 2. Nf3 d6 3. d4 exd4 4. Nxd4 Nf6 5. Nc3 Be7 6. g3 Nc6 7. Bg2 Nxd4 8.
Qxd4 O-O 9. O-O Be6 10. Bf4 Ng4 11. Rad1 Bf6 12. Qd2 Re8 13. b3 g5 14. Be3 Nxe3
15. Qxe3 g4 16. Ne2 Bg5 17. Qd3 Qf6 18. Nd4 Bd7 19. Kh1 Qg6 20. Nb5 Bxb5 21.
Qxb5 Rab8 22. f4 gxf3 23. Rxf3 Re5 24. Qc4 Rc5 25. Qd3 Re8 26. Rdf1 Re7 27. h4
Bh6 28. Rf6 Qg7 29. g4 Qf8 30. g5 Bg7 31. R6f5 b6 32. h5 Qe8 33. c4 Rxf5 34.
Rxf5 Re5 35. Bh3 Rxf5 36. Bxf5 Qe5 37. Kg2 Qf4 38. Qg3 Qxg3+ 39. Kxg3 h6 40.
gxh6 Bxh6 41. Kg4 Kg7 42. Bd7 Kf6 43. Be8 Ke7 44. Bc6 Ke6 45. b4 a5 46. bxa5
bxa5 47. Bd5+ Kf6 48. Kf3 c5 49. Ke2 Ke5 50. Kd3 f6 51. Kc3 f5 52. exf5 Kxf5
53. Kb3 Bd2 54. Ka4 Kg5 55. Bf7 Bb4 56. Kb5 Kh6 57. Bg6 Kg5 58. Kc6 a4 59. Kxd6
a3 60. Ke6 Kh6 61. Kf7 Bc3 62. Ke6 Bb4 63. Kd5 Kg5 64. Kc6 Kh6 65. Kb5 Kg5
1/2-1/2

[Event "Titled Tuesday 2020.11.17"]
[Site "chess.com INT"]
[Date "2020.11.17"]
[Round "4"]
[White "Noritsyn, Nikolay"]
[Black "Sadhwani, Raunak"]
[Result "0-1"]
[WhiteElo "2512"]
[BlackElo "2545"]
[PlyCount "92"]
[EventDate "2020.11.17"]
[EventType "swiss (blitz)"]
[EventRounds "11"]
[EventCountry "NET"]
[Source "Mark Crowther"]
[SourceDate "2020.11.23"]

1. e4 c6 2. d4 d5 3. e5 Bf5 4. Bd3 Bxd3 5. Qxd3 e6 6. Ne2 Nd7 7. O-O Ne7 8. Nd2
c5 9. c3 Nc6 10. Nf3 Be7 11. Ng3 Rc8 12. a3 a6 13. Re1 h5 14. h3 h4 15. Ne2 Qb6
16. b4 cxd4 17. cxd4 Na7 18. Bd2 Qb5 19. Qe3 Nb6 20. Qf4 Nc4 21. Qg4 g6 22. Bg5
Bxg5 23. Nxg5 Qd7 24. Nf4 Rc6 25. Nd3 b6 26. a4 Qe7 27. a5 bxa5 28. bxa5 Nb5
29. Nf3 Qd8 30. Nf4 Nxa5 31. Nxd5 Qxd5 32. Rxa5 Qd8 33. Rea1 Nc7 34. R5a2 Kf8
35. Ng5 Kg7 36. Rd1 Qe7 37. Ne4 Nd5 38. Raa1 Ra8 39. Nd6 a5 40. Rd3 a4 41. Rda3
Rca6 42. Qf3 R6a7 43. Ne4 Qb4 44. Nc5 Qxd4 45. Ne4 Qxe5 46. Re1 f5 0-1

[Event "Titled Tuesday 2020.11.17"]
[Site "chess.com INT"]
[Date "2020.11.17"]
[Round "5"]
[White "Gulkov, I."]
[Black "Noritsyn, Nikolay"]
[Result "1/2-1/2"]
[WhiteElo "2358"]
[BlackElo "2512"]
[PlyCount "101"]
[EventDate "2020.11.17"]
[EventType "swiss (blitz)"]
[EventRounds "11"]
[EventCountry "NET"]
[Source "Mark Crowther"]
[SourceDate "2020.11.23"]

1. Nf3 d5 2. d4 e6 3. c4 c6 4. Qc2 Nd7 5. g3 f5 6. Bg2 Ngf6 7. O-O Bd6 8. Nc3
a6 9. cxd5 cxd5 10. Bf4 Bxf4 11. gxf4 O-O 12. e3 b5 13. Rac1 Bb7 14. Ne2 Rc8
15. Qb3 Rc4 16. Nd2 Nb6 17. Qd3 Ne4 18. b3 Rc7 19. Rxc7 Qxc7 20. Rc1 Qe7 21.
Nf3 Qa3 22. Qb1 b4 23. Rc7 Bc8 24. Qc2 Qa5 25. Ne5 Nc4 26. Rc6 Nxe5 27. dxe5
Bd7 28. Rc7 Bb5 29. Bxe4 fxe4 30. Nd4 Bd3 31. Qc5 Qxa2 32. Rxg7+ Kxg7 33. Nxe6+
Kf7 34. Qxf8+ Kxe6 35. Qd6+ Kf7 36. Qf6+ Ke8 37. Qe6+ Kd8 38. Qd6+ Kc8 39. Qc6+
Kb8 40. Qb6+ Ka8 41. Qc6+ Kb8 42. Qb6+ Kc8 43. Qc6+ Kd8 44. Qd6+ Ke8 45. Qe6+
Kf8 46. Qf6+ Kg8 47. Qe6+ Kg7 48. Qf6+ Kg8 49. Qe6+ Kf8 50. Qf6+ Ke8 51. Qe6+
1/2-1/2

[Event "Titled Tuesday 2020.11.17"]
[Site "chess.com INT"]
[Date "2020.11.17"]
[Round "6"]
[White "Noritsyn, Nikolay"]
[Black "Budrewicz, Krzysztof"]
[Result "1-0"]
[WhiteElo "2512"]
[BlackElo "2289"]
[PlyCount "135"]
[EventDate "2020.11.17"]
[EventType "swiss (blitz)"]
[EventRounds "11"]
[EventCountry "NET"]
[Source "Mark Crowther"]
[SourceDate "2020.11.23"]

1. e4 c5 2. Nf3 a6 3. b4 cxb4 4. a3 e6 5. d4 Nf6 6. e5 Nd5 7. Bd3 Nc6 8. O-O b5
9. axb4 Bb7 10. c3 d6 11. exd6 Bxd6 12. Re1 h6 13. Bb2 Qc7 14. Nbd2 O-O-O 15.
Ne4 g5 16. Nxd6+ Qxd6 17. Nd2 Nf4 18. Bf1 f5 19. Nb3 e5 20. Nc5 exd4 21. cxd4
Nd5 22. Re6 Qc7 23. Nxa6 Bxa6 24. Rxa6 Ndxb4 25. Bxb5 Rd6 26. Rxd6 Qxd6 27. d5
Rd8 28. Ra8+ Kb7 29. Rxd8 Nxd8 30. Bc4 Na6 31. Qb3+ Kc7 32. Ba3 Nc5 33. Qc3
Ndb7 34. g3 Kb6 35. Qb2+ Ka7 36. Qg7 Kb6 37. Bb2 Ne4 38. Be5 Qb4 39. Qc7+ Ka7
40. Bd4+ Nec5 41. Bxc5+ Qxc5 42. Qxc5+ Nxc5 43. d6 Kb6 44. Bd5 Nd3 45. d7 Kc7
46. Be6 f4 47. Kg2 Ne5 48. gxf4 gxf4 49. Kh3 Kd8 50. Kh4 Ke7 51. Bg4 Nf7 52.
Kh5 Kf6 53. f3 Kg7 54. h3 Nd8 55. Bf5 Nc6 56. Kg4 Kf6 57. Kxf4 Nd8 58. Bg4 Nf7
59. h4 Ke7 60. Ke4 Nd6+ 61. Kd5 Nf7 62. h5 Ng5 63. Ke5 Nh7 64. Kf5 Nf6 65. Kg6
Ng8 66. Kg7 Nf6 67. d8=Q+ Kxd8 68. Kxf6 1-0

[Event "Titled Tuesday 2020.11.17"]
[Site "chess.com INT"]
[Date "2020.11.17"]
[Round "7"]
[White "Noritsyn, Nikolay"]
[Black "Orozbaev, Eldiar"]
[Result "1-0"]
[WhiteElo "2512"]
[BlackElo "1973"]
[PlyCount "51"]
[EventDate "2020.11.17"]
[EventType "swiss (blitz)"]
[EventRounds "11"]
[EventCountry "NET"]
[Source "Mark Crowther"]
[SourceDate "2020.11.23"]

1. e4 e6 2. d4 d5 3. Nc3 Nf6 4. e5 Nfd7 5. Nce2 c5 6. c3 Nc6 7. Nf3 f6 8. Nf4
Qe7 9. exf6 Nxf6 10. Bb5 Bd7 11. O-O Qd6 12. Re1 Be7 13. Bxc6 bxc6 14. dxc5
Qxc5 15. Nxe6 Bxe6 16. Rxe6 Ne4 17. Be3 Qb5 18. Nd4 Qxb2 19. Nxc6 O-O 20. Nxe7+
Kh8 21. Nxd5 Nxf2 22. Qc1 Qe2 23. Qe1 Qb2 24. Bxf2 Rxf2 25. Qxf2 Qxa1+ 26. Re1
1-0

[Event "Titled Tuesday 2020.11.17"]
[Site "chess.com INT"]
[Date "2020.11.17"]
[Round "8"]
[White "Bluebaum, Matthias"]
[Black "Noritsyn, Nikolay"]
[Result "1-0"]
[WhiteElo "2672"]
[BlackElo "2512"]
[PlyCount "87"]
[EventDate "2020.11.17"]
[EventType "swiss (blitz)"]
[EventRounds "11"]
[EventCountry "NET"]
[Source "Mark Crowther"]
[SourceDate "2020.11.23"]

1. d4 e6 2. Nc3 Bb4 3. e4 Nc6 4. a3 Bxc3+ 5. bxc3 d6 6. f4 Nf6 7. e5 Nd5 8. Nf3
Nxc3 9. Qd3 Nd5 10. c4 Nb6 11. Qe3 d5 12. c5 Nc4 13. Qf2 b6 14. cxb6 axb6 15.
Bd3 Ne7 16. O-O Ba6 17. Qe2 Nf5 18. g4 Nh4 19. f5 Nxf3+ 20. Qxf3 Qe7 21. a4
O-O-O 22. a5 b5 23. g5 Qd7 24. h4 Kb8 25. Kh2 g6 26. fxe6 fxe6 27. Qf7 Qc6 28.
Rb1 Ka8 29. Kg3 Rb8 30. Rf6 Rbe8 31. Bf4 Bc8 32. h5 gxh5 33. Bxh7 Na3 34. Rb3
Nc4 35. g6 b4 36. g7 Rxh7 37. g8=Q Rxg8+ 38. Qxg8 Qd7 39. Kh2 Rg7 40. Qh8 Ka7
41. Rf8 Ba6 42. Ra8+ Kb7 43. Qb8+ Kc6 44. Rxa6+ 1-0

[Event "Titled Tuesday 2020.09.29"]
[Site "chess.com INT"]
[Date "2020.09.29"]
[Round "3"]
[White "Karjakin, Sergey"]
[Black "Noritsyn, Nikolay"]
[Result "1-0"]
[WhiteElo "2752"]
[BlackElo "2512"]
[PlyCount "103"]
[EventDate "2020.09.29"]
[EventType "swiss (blitz)"]
[EventRounds "10"]
[EventCountry "NET"]
[Source "Mark Crowther"]
[SourceDate "2020.10.05"]

1. e4 e5 2. Nf3 d6 3. d4 exd4 4. Qxd4 Nc6 5. Bb5 Nge7 6. Nc3 a6 7. Bxc6+ Nxc6
8. Qd3 Nb4 9. Qe2 Be7 10. Bf4 O-O 11. O-O-O Re8 12. a3 Nc6 13. Nd5 Be6 14. Rhe1
Bf6 15. Qd3 Bxd5 16. exd5 Ne7 17. g4 Ng6 18. Bg3 h6 19. Kb1 Qd7 20. h3 Rxe1 21.
Rxe1 Re8 22. Rxe8+ Qxe8 23. Ka2 Kf8 24. c4 Ne5 25. Nxe5 Bxe5 26. f4 Bf6 27. Bf2
b6 28. h4 g6 29. g5 hxg5 30. hxg5 Bg7 31. Kb3 a5 32. Bd4 Kg8 33. Bf6 Bxf6 34.
gxf6 Qd8 35. Qd4 Qe8 36. Qc3 Qd8 37. c5 dxc5 38. Qe5 b5 39. Kc3 a4 40. f5 Qd6
41. Qe8+ Qf8 42. Qxb5 gxf5 43. Qxa4 Qd6 44. Qe8+ Qf8 45. Qxf8+ Kxf8 46. Kc4 Ke8
47. Kxc5 Kd7 48. a4 Kc8 49. a5 Kb7 50. b4 Ka6 51. Kd4 Kb5 52. Ke5 1-0

[Event "Titled Tuesday 2020.09.22"]
[Site "chess.com INT"]
[Date "2020.09.22"]
[Round "1"]
[White "Noritsyn, Nikolay"]
[Black "Mikheev, S."]
[Result "1-0"]
[WhiteElo "2512"]
[BlackElo "2291"]
[PlyCount "79"]
[EventDate "2020.09.22"]
[EventType "swiss (blitz)"]
[EventRounds "10"]
[EventCountry "NET"]
[Source "Mark Crowther"]
[SourceDate "2020.09.28"]

1. e4 e5 2. Nf3 Nf6 3. Nxe5 d6 4. Nf3 Nxe4 5. c4 Be7 6. d4 O-O 7. Bd3 Ng5 8.
O-O Nc6 9. Be3 Re8 10. Nbd2 Nxf3+ 11. Nxf3 Bf6 12. h3 Ne7 13. Qc2 g6 14. Rfe1
Bf5 15. g4 Bxd3 16. Qxd3 Qd7 17. Re2 Nc6 18. Rae1 h5 19. Nh2 hxg4 20. Nxg4 Bg7
21. Bh6 Rxe2 22. Rxe2 Nxd4 23. Re4 c5 24. Bxg7 Kxg7 25. Rxd4 cxd4 26. Qxd4+ Kf8
27. Qh8+ Ke7 28. Qxa8 Qc6 29. Qxa7 Qxc4 30. Qxb7+ Ke6 31. b3 Qc1+ 32. Kg2 Qf4
33. a4 f5 34. Qf3 Qb4 35. Qe3+ Kd7 36. Nf6+ Kc6 37. Qc1+ Kb7 38. Qc4 Qe1 39.
Nd5 Qa5 40. Qb5+ 1-0

[Event "Titled Tuesday 2020.09.22"]
[Site "chess.com INT"]
[Date "2020.09.22"]
[Round "2"]
[White "Voit, Daria"]
[Black "Noritsyn, Nikolay"]
[Result "0-1"]
[WhiteElo "2343"]
[BlackElo "2512"]
[PlyCount "110"]
[EventDate "2020.09.22"]
[EventType "swiss (blitz)"]
[EventRounds "10"]
[EventCountry "NET"]
[Source "Mark Crowther"]
[SourceDate "2020.09.28"]

1. b3 c5 2. Bb2 Nc6 3. g3 e5 4. Bg2 Nge7 5. c4 g6 6. Nc3 Bg7 7. e3 O-O 8. Nge2
d6 9. O-O h6 10. f4 Be6 11. Nd5 f5 12. d3 Qd7 13. Nxe7+ Nxe7 14. Qc2 Rad8 15.
Nc3 b6 16. a3 d5 17. cxd5 Nxd5 18. Nxd5 Bxd5 19. e4 Be6 20. fxe5 Qxd3 21. Qxd3
Rxd3 22. b4 Rc8 23. Rad1 Rcd8 24. Rxd3 Rxd3 25. bxc5 bxc5 26. Rc1 Rb3 27. Rc2
c4 28. Kf2 Bf8 29. exf5 Bc5+ 30. Ke1 gxf5 31. Bf1 Bb6 32. Bc1 c3 33. Bd3 Bd4
34. Kd1 Kg7 35. Re2 a5 36. Kc2 a4 37. h3 h5 38. Rg2 Rb8 39. Re2 Bb3+ 40. Kb1
Bd1+ 41. Ka2 Bb3+ 42. Kb1 Bd1+ 43. Ka2 Bxe2 44. Bxe2 Bxe5 45. Bxh5 Bxg3 46. Be3
Be5 47. Bf3 f4 48. Bc1 Kf6 49. Bc6 Rc8 50. Bxa4 f3 51. Bb5 Rb8 52. Bf1 f2 53.
a4 Bd4 54. a5 c2 55. a6 Rb1 0-1